000 01745cam a2200301 a 4500
001 17433918
005 20170105102846.0
008 120817s2013 nyu b 001 0 eng
010 _a 2012033882
020 _a9780415507905 (hardback)
020 _z9780203588918 (e-book)
040 _aDLC
_cDLC
_dDLC
042 _apcc
050 0 0 _aKZ6368
_b.L54 2013
082 0 0 _a341.68
_223
100 1 _aLieblich, Eliav,
_d1979-
245 1 0 _aInternational law and civil wars :
_bintervention and consent /
_cEliav Lieblich.
260 _aNew York :
_bRoutledge,
_c2013.
300 _axvii, 286 p. ;
_c24 cm.
490 0 _aLaw, Conflict and International Relations
504 _aIncludes bibliographical references (p. [259]-277) and index.
505 0 _aThe dynamics of consensual intervention -- The concepts of intervention and internal armed conflict -- The modalities of forcible intervention -- Internal armed conflicts and consent in the war-prerogative era and effectiveness as a source of rights -- Intervention and consent in the inter-war period and the fragmentation of traditional doctines -- The preference of governments : from dichotomy to rebuttable presumption -- The scope of government consent power : general thresholds -- From effective control over territory to effective protection of civilians -- Consent power, democracy, human rights and self-determination -- Consent by opposition groups : between recognition and humanitarian intervention : between legality and legitimacy.
650 0 _aIntervention (International law)
650 0 _aCivil war.
906 _a7
_bcbc
_corignew
_d1
_eecip
_f20
_gy-gencatlg
942 _2ddc
_cBK
999 _c14076
_d14076